<?xml version="1.0" encoding="UTF-8"?>
<record
    xmlns:xsi="http://www.w3.org/2001/XMLSchema-instance"
    xsi:schemaLocation="http://www.loc.gov/MARC21/slim http://www.loc.gov/standards/marcxml/schema/MARC21slim.xsd"
    xmlns="http://www.loc.gov/MARC21/slim">

  <leader>00561nam a22001577a 4500</leader>
  <controlfield tag="003">OSt</controlfield>
  <controlfield tag="005">20151001101215.0</controlfield>
  <controlfield tag="008">151001b        xxu||||| |||| 00| 0 eng d</controlfield>
  <datafield tag="040" ind1=" " ind2=" ">
    <subfield code="c">RUA </subfield>
  </datafield>
  <datafield tag="082" ind1=" " ind2=" ">
    <subfield code="a">AVM &#x1788;&#x17BD;&#x200B; 1993 B067 Or.1 </subfield>
  </datafield>
  <datafield tag="100" ind1=" " ind2=" ">
    <subfield code="9">1656</subfield>
    <subfield code="a">&#x1788;&#x17BD; &#x1782;&#x17B8;&#x1798;&#x1792;&#x17B8;</subfield>
  </datafield>
  <datafield tag="245" ind1=" " ind2=" ">
    <subfield code="a">&#x1782;&#x178E;&#x1793;&#x17B6;&#x179F;&#x1793;&#x17D2;&#x1791;&#x179F;&#x17D2;&#x179F;&#x1793;&#x17CD;&#x1780;&#x17D2;&#x1793;&#x17BB;&#x1784;&#x1780;&#x17B6;&#x179A;&#x1785;&#x17B7;&#x1789;&#x17D2;&#x1785;&#x17B9;&#x1798;&#x1787;&#x17D2;&#x179A;&#x17BC;&#x1780;&#x1795;&#x17D2;&#x178A;&#x179B;&#x17CB;&#x1780;&#x17BC;&#x1793;&#x1793;&#x17C5;&#x1780;&#x17D2;&#x1793;&#x17BB;&#x1784; &#x1781;&#x17C1;&#x178F;&#x17D2;&#x178F;&#x1796;&#x17D2;&#x179A;&#x17C3;&#x179C;&#x17C2;&#x1784;,</subfield>
  </datafield>
  <datafield tag="260" ind1=" " ind2=" ">
    <subfield code="a">phnom penh </subfield>
    <subfield code="b">RUA </subfield>
    <subfield code="c">1993</subfield>
  </datafield>
  <datafield tag="300" ind1=" " ind2=" ">
    <subfield code="a">81p.</subfield>
    <subfield code="b">ill.</subfield>
    <subfield code="c">29cm.</subfield>
  </datafield>
  <datafield tag="942" ind1=" " ind2=" ">
    <subfield code="2">ddc</subfield>
    <subfield code="c">AVM</subfield>
  </datafield>
  <datafield tag="999" ind1=" " ind2=" ">
    <subfield code="c">1563</subfield>
    <subfield code="d">1563</subfield>
  </datafield>
  <datafield tag="952" ind1=" " ind2=" ">
    <subfield code="0">0</subfield>
    <subfield code="1">0</subfield>
    <subfield code="2">ddc</subfield>
    <subfield code="4">0</subfield>
    <subfield code="6">AVM_&#x1788;&#x17BD;_1993_000000000000000_B067_OR_1</subfield>
    <subfield code="7">0</subfield>
    <subfield code="9">7008</subfield>
    <subfield code="a">LBB</subfield>
    <subfield code="b">LBB</subfield>
    <subfield code="c">B067</subfield>
    <subfield code="d">2015-10-01</subfield>
    <subfield code="o">AVM &#x1788;&#x17BD;&#x200B; 1993 B067 Or.1</subfield>
    <subfield code="p">RUA007433</subfield>
    <subfield code="r">2015-10-01</subfield>
    <subfield code="w">2015-10-01</subfield>
    <subfield code="y">AVM</subfield>
  </datafield>
  <datafield tag="952" ind1=" " ind2=" ">
    <subfield code="0">0</subfield>
    <subfield code="1">0</subfield>
    <subfield code="2">ddc</subfield>
    <subfield code="4">0</subfield>
    <subfield code="6">AVM_&#x1788;&#x17BD;_1993_000000000000000_B067_OR_2</subfield>
    <subfield code="7">0</subfield>
    <subfield code="9">7009</subfield>
    <subfield code="a">LBB</subfield>
    <subfield code="b">LBB</subfield>
    <subfield code="c">B067</subfield>
    <subfield code="d">2015-10-01</subfield>
    <subfield code="o">AVM &#x1788;&#x17BD;&#x200B; 1993 B067 Or.2</subfield>
    <subfield code="p">RUA007109</subfield>
    <subfield code="r">2015-10-01</subfield>
    <subfield code="w">2015-10-01</subfield>
    <subfield code="y">AVM</subfield>
  </datafield>
  <datafield tag="952" ind1=" " ind2=" ">
    <subfield code="0">0</subfield>
    <subfield code="1">0</subfield>
    <subfield code="2">ddc</subfield>
    <subfield code="4">0</subfield>
    <subfield code="6">AVM_&#x1788;&#x17BD;_1993_000000000000000_B067_OR_3</subfield>
    <subfield code="7">0</subfield>
    <subfield code="9">7010</subfield>
    <subfield code="a">LBB</subfield>
    <subfield code="b">LBB</subfield>
    <subfield code="c">B067</subfield>
    <subfield code="d">2015-10-01</subfield>
    <subfield code="o">AVM &#x1788;&#x17BD;&#x200B; 1993 B067 Or.3</subfield>
    <subfield code="p">RUA007063</subfield>
    <subfield code="r">2015-10-01</subfield>
    <subfield code="w">2015-10-01</subfield>
    <subfield code="y">AVM</subfield>
  </datafield>
  <datafield tag="952" ind1=" " ind2=" ">
    <subfield code="0">0</subfield>
    <subfield code="1">0</subfield>
    <subfield code="2">ddc</subfield>
    <subfield code="4">0</subfield>
    <subfield code="6">AVM_&#x1788;&#x17BD;_1993_000000000000000_B067_OR_4</subfield>
    <subfield code="7">0</subfield>
    <subfield code="9">7011</subfield>
    <subfield code="a">LBB</subfield>
    <subfield code="b">LBB</subfield>
    <subfield code="c">B067</subfield>
    <subfield code="d">2015-10-01</subfield>
    <subfield code="o">AVM &#x1788;&#x17BD;&#x200B; 1993 B067 Or.4</subfield>
    <subfield code="p">RUA007220</subfield>
    <subfield code="r">2015-10-01</subfield>
    <subfield code="w">2015-10-01</subfield>
    <subfield code="y">AVM</subfield>
  </datafield>
  <datafield tag="952" ind1=" " ind2=" ">
    <subfield code="0">0</subfield>
    <subfield code="1">0</subfield>
    <subfield code="2">ddc</subfield>
    <subfield code="4">0</subfield>
    <subfield code="6">AVM_&#x1788;&#x17BD;_1993_000000000000000_B067_OR_5</subfield>
    <subfield code="7">0</subfield>
    <subfield code="9">7012</subfield>
    <subfield code="a">LBB</subfield>
    <subfield code="b">LBB</subfield>
    <subfield code="c">B067</subfield>
    <subfield code="d">2015-10-01</subfield>
    <subfield code="o">AVM &#x1788;&#x17BD;&#x200B; 1993 B067 Or.5</subfield>
    <subfield code="p">RUA008218</subfield>
    <subfield code="r">2015-10-01</subfield>
    <subfield code="w">2015-10-01</subfield>
    <subfield code="y">AVM</subfield>
  </datafield>
  <datafield tag="952" ind1=" " ind2=" ">
    <subfield code="0">0</subfield>
    <subfield code="1">0</subfield>
    <subfield code="2">ddc</subfield>
    <subfield code="4">0</subfield>
    <subfield code="6">AVM_&#x1788;&#x17BD;_1993_000000000000000_B067_OR_6</subfield>
    <subfield code="7">0</subfield>
    <subfield code="9">7013</subfield>
    <subfield code="a">LBB</subfield>
    <subfield code="b">LBB</subfield>
    <subfield code="c">B067</subfield>
    <subfield code="d">2015-10-01</subfield>
    <subfield code="o">AVM &#x1788;&#x17BD;&#x200B; 1993 B067 Or.6</subfield>
    <subfield code="p">RUA007200</subfield>
    <subfield code="r">2015-10-01</subfield>
    <subfield code="w">2015-10-01</subfield>
    <subfield code="y">AVM</subfield>
  </datafield>
  <datafield tag="952" ind1=" " ind2=" ">
    <subfield code="0">0</subfield>
    <subfield code="1">0</subfield>
    <subfield code="2">ddc</subfield>
    <subfield code="4">0</subfield>
    <subfield code="6">AVM_&#x1788;&#x17BD;_1993_000000000000000_B067_OR_7</subfield>
    <subfield code="7">0</subfield>
    <subfield code="9">7014</subfield>
    <subfield code="a">LBB</subfield>
    <subfield code="b">LBB</subfield>
    <subfield code="c">B067</subfield>
    <subfield code="d">2015-10-01</subfield>
    <subfield code="o">AVM &#x1788;&#x17BD;&#x200B; 1993 B067 Or.7</subfield>
    <subfield code="p">RUA008087</subfield>
    <subfield code="r">2015-10-01</subfield>
    <subfield code="w">2015-10-01</subfield>
    <subfield code="y">AVM</subfield>
  </datafield>
  <datafield tag="952" ind1=" " ind2=" ">
    <subfield code="0">0</subfield>
    <subfield code="1">0</subfield>
    <subfield code="2">ddc</subfield>
    <subfield code="4">0</subfield>
    <subfield code="6">AVM_&#x1788;&#x17BD;_1993_000000000000000_B067_OR_8</subfield>
    <subfield code="7">0</subfield>
    <subfield code="9">7015</subfield>
    <subfield code="a">LBB</subfield>
    <subfield code="b">LBB</subfield>
    <subfield code="c">B067</subfield>
    <subfield code="d">2015-10-01</subfield>
    <subfield code="o">AVM &#x1788;&#x17BD;&#x200B; 1993 B067 Or.8</subfield>
    <subfield code="p">RUA008018</subfield>
    <subfield code="r">2015-10-01</subfield>
    <subfield code="w">2015-10-01</subfield>
    <subfield code="y">AVM</subfield>
  </datafield>
</record>
